|
|
|
|
| LEADER |
00000nam a22000007a 4500 |
| 005 |
20110831135141.0 |
| 008 |
110831t2011 mx ||||s|||| 00| 0 spa d |
| 020 |
|
|
|a 978-607-440-224-7
|
| 035 |
|
|
|a 5556
|
| 040 |
|
|
|a vLex
|
| 090 |
|
|
|c 2323
|d 2323
|
| 100 |
1 |
|
|a Campero Guerrero, Eladio
|
| 245 |
1 |
0 |
|a Compendio de Seguridad Social 2011.
|b Correlacionado artc̕ulo por artc̕ulo /
|c Eladio Campero Guerrero; Raymundo Fol Olguin
|h [Recurso electrn̤ico] :
|
| 256 |
|
|
|a Servicio en ln̕ea.
|
| 260 |
|
|
|a Mx̌ico :
|b Tax Editores,
|c 2011.
|
| 500 |
|
|
|a La presente edicin̤ contiene las disposiciones laborales y de seguridad social dadas a conocer hasta el 19 de diciembre de 2010. Los n̕dices, subtt̕ulos, notas y correlaciones contenidos en esta obra no son parte de los textos legales.
|
| 506 |
1 |
|
|a Contenido solo disponible en los productos indicados
|d vLex Global
|d vLex Global (Academic Edition, excluding Law Schools)
|d vLex Global (U.S. Academic Edition, Law Schools)
|d vLex Global (U.S. Academic Edition, excluding Law Schools)
|d vLex Global (Academic Edition, Law Schools)
|
| 650 |
0 |
4 |
|a Seguridad social
|z Mx̌ico
|
| 700 |
1 |
|
|a Fol Olguin, Raymundo
|
| 740 |
0 |
|
|a vLex Libros (Servicio en ln̕ea)
|
| 856 |
4 |
0 |
|u http://vlex.com/source/compendio-seguridad-social-correlacionado-articulo-articulo-5556
|z Acceso restringido
|
| 942 |
|
|
|c BOOK
|